Statistics for Top 15 Celebrities Born In 1958

Click here to take the quiz!

General Stats

  • This quiz has been taken 106 times
  • The average score is 8 of 15

Answer Stats

Answer% Correct
Michael Jackson
97%
Ellen Degeneres
91%
Alec Baldwin
88%
Madonna
81%
Jamie Lee Curtis
80%
Kevin Bacon
79%
Prince
79%
Michelle Pfeiffer
44%
Joan Jett
39%
Neil deGrasse Tyson
37%
Tim Burton
37%
Drew Carey
29%
Sharon Stone
24%
Terry Fox
13%
Jennifer Tilly
12%

Score Distribution

Percentile by Number Answered

Percent of People with Each Score

Your Score History

You have not taken this quiz